| 000 | 00652nam a2200229 u 4500 | ||
|---|---|---|---|
| 005 | 20210223132319.0 | ||
| 008 | 140318s1995 mx r 000 0 spa d | ||
| 020 | _a9681101502 | ||
| 035 | _aUPN01000196409 | ||
| 049 | _aCG | ||
| 050 | 4 |
_aPQ8097 A4 _bP3.8a |
|
| 100 | 1 |
_aAllende, Isabel, _d1942- |
|
| 245 | 1 | 0 |
_aPaula / _cIsabel Allende |
| 260 |
_aMéxico : _bPlaza & Janés : _bVid, _c1995. |
||
| 300 | _a366 p. | ||
| 440 | 0 |
_aAve fénix. _pMayor |
|
| 600 | 1 | 4 |
_aALLENDE, ISABEL, _d1942- - _xFAMILIA _92800 |
| 650 | 4 |
_aAUTORAS CHILENAS - _xRELACIONES FAMILIARES _94817 |
|
| 600 | 3 | 4 |
_aALLENDE, FAMILIA _92260 |
| 905 | _aLibro | ||
| 999 |
_c168510 _d168510 |
||